| 000 | 00841nam a22002297a 4500 | ||
|---|---|---|---|
| 003 | UA-OsUOA | ||
| 001 | 45062 | ||
| 007 | ta | ||
| 008 | 20110926b un ||||| |||| 00| 0 ukr d | ||
| 090 |
_a27(477)/082 _bУ45 |
||
| 942 | _cBK | ||
| 040 |
_aUA-OsUOA _bukr _cUA-OsUOA _dUA-OsUOA |
||
| 245 |
_aУкраїнська молодь Христові. Пропам'ятна книга. Документальний збірник 1933-1988 _cЗібрав, упор. і зред. М. Грушкевич |
||
| 300 | _a463 с. | ||
| 955 | _a1 | ||
| 041 | _aukr | ||
| 080 | _a27(477)/082 | ||
| 260 |
_aРим; Парма _c1991 |
||
| 650 | 7 |
_a27 Загальна історія Християнської церкви _2UDC |
|
| 999 |
_c425173 _d425173 |
||